[Event "Valles Occidental-ch U14 prel"]
[Site "various"]
[Date "2015.02.28"]
[Round "5.3"]
[White "Fernandez Arroyo, Alex"]
[Black "Rivera Vargas, Toni"]
[Result "1-0"]
[WhiteElo "1776"]
[BlackElo "1804"]
[PlyCount "53"]
[EventDate "2015.01.31"]
[EventType "swiss"]
[EventRounds "6"]
[EventCountry "ESP"]
[SourceTitle "EXT 2024"]
[Source "ChessBase"]
[SourceDate "2023.10.10"]
[SourceVersion "1"]
[SourceVersionDate "2023.10.10"]
[SourceQuality "1"]

1. e4 e5 2. Nf3 Nc6 3. d4 exd4 4. Nxd4 Qf6 5. Be3 Bc5 6. c3 Nxd4 7. Bxd4 Qb6 8. Bxg7 Qxb2 9. Be2 Qxa1 10. Bxh8 Qxa2 11. 0-0 d6 12. c4 Be6 13. Nc3 Qa6 14. Nb5 Bb6 15. c5 Qa5 16. cxb6 Qxb6 17. Bd4 c5 18. Bc3 a6 19. Nxd6+ Ke7 20. Nf5+ Ke8 21. Ng7+ Ke7 22. Nxe6 Qxe6 23. Bg4 Qc6 24. Qf3 b5 25. Rd1 Ra7 26. Qd3 Nf6 27. Qd8# 1-0

[Event "Llinars del Valles op-B 7th"]
[Site "Llinars del Valles"]
[Date "2013.06.01"]
[Round "7"]
[White "Mato Teixidor, Felip"]
[Black "Fernandez Arroyo, Alex"]
[Result "0-1"]
[WhiteElo "1337"]
[BlackElo "1216"]
[PlyCount "48"]
[EventDate "2013.04.13"]
[EventType "swiss"]
[EventRounds "7"]
[EventCountry "ESP"]
[SourceTitle "CBM 154 Extra"]
[Source "ChessBase"]
[SourceDate "2013.06.25"]
[SourceVersion "2"]
[SourceVersionDate "2013.06.25"]
[SourceQuality "1"]

1. e4 e6 2. Bc4 d5 3. exd5 exd5 4. Bb3 Bc5 5. Nf3 Nf6 6. a3 0-0 7. 0-0 Bg4 8. d4 Bxf3 9. Qxf3 Bxd4 10. Bg5 Bxb2 11. Ra2 Be5 12. Re1 Nbd7 13. Bxd5 c6 14. Be4 Qc7 15. g3 Nxe4 16. Rxe4 f6 17. Qb3+ Kh8 18. Bd2 Nc5 19. Qf3 Nxe4 20. Qxe4 Qb6 21. Nc3 Bxc3 22. Bxc3 Qb1+ 23. Kg2 Qxa2 24. Qf5 Qd5+ 0-1

[Event "Llinars del Valles op-B 7th"]
[Site "Llinars del Valles"]
[Date "2013.05.25"]
[Round "6"]
[White "Fernandez Arroyo, Alex"]
[Black "Guiteras Canal, Nil"]
[Result "0-1"]
[WhiteElo "1216"]
[BlackElo "1412"]
[PlyCount "50"]
[EventDate "2013.04.13"]
[EventType "swiss"]
[EventRounds "7"]
[EventCountry "ESP"]
[SourceTitle "CBM 154 Extra"]
[Source "ChessBase"]
[SourceDate "2013.06.25"]
[SourceVersion "2"]
[SourceVersionDate "2013.06.25"]
[SourceQuality "1"]

1. e4 e5 2. Nf3 Nf6 3. d3 Nc6 4. Bg5 h6 5. Bh4 g5 6. Bg3 d6 7. Nc3 Be6 8. d4 Bg4 9. Bb5 a6 10. Bxc6+ bxc6 11. dxe5 Nh5 12. exd6 Nxg3 13. fxg3 cxd6 14. 0-0 Bg7 15. Qd3 Qb6+ 16. Kh1 Qxb2 17. Ne2 0-0 18. c3 Qa3 19. Qc4 Rac8 20. Rab1 Be6 21. Qd3 Qxa2 22. Ra1 Qc4 23. Qc2 Qb3 24. Qxb3 Bxb3 25. Rxa6 Bc4 0-1

[Event "Valles Occidental-ch U12 qual"]
[Site "Sabadell"]
[Date "2012.01.21"]
[Round "1.3"]
[White "Fernandez Arroyo, Alex"]
[Black "Lopera Reig, Nadia"]
[Result "1-0"]
[WhiteElo "1757"]
[BlackElo "1700"]
[PlyCount "47"]
[EventDate "2012.01.21"]
[EventType "swiss"]
[EventRounds "6"]
[EventCountry "ESP"]
[SourceTitle "EXT 2024"]
[Source "ChessBase"]
[SourceDate "2023.10.10"]
[SourceVersion "1"]
[SourceVersionDate "2023.10.10"]
[SourceQuality "1"]

1. e4 e5 2. Nf3 d6 3. d3 c5 4. c3 Nc6 5. Be3 Bg4 6. Be2 Qf6 7. 0-0 a5 8. Na3 Qe6 9. Nb5 Ra6 10. Nc7+ Kd7 11. Nxe6 fxe6 12. Nxe5+ Nxe5 13. Bxg4 Nxg4 14. Qxg4 Nf6 15. Qd1 a4 16. c4 Rb6 17. Qxa4+ Kc7 18. Qa3 Rxb2 19. Qxb2 b6 20. a4 e5 21. a5 bxa5 22. Rxa5 Be7 23. Ra7+ Kd8 24. Qb8# 1-0